| 000 | 01077nam a2200313 a 4500 | ||
|---|---|---|---|
| 999 |
_c10288 _d10288 |
||
| 001 | 10288 | ||
| 003 | BD-JhCC | ||
| 005 | 20180523105558.0 | ||
| 008 | 180423s1990 caub b s001 0 eng | ||
| 010 | _a 89032545 | ||
| 020 | _a0520062809 (alk. paper) | ||
| 020 | _a0520076656 | ||
| 035 | _a(BD-JhCC)10288 | ||
| 040 |
_aDLC _cDLC _dDLC _dBD-JhCC |
||
| 043 | _aaz----- | ||
| 050 | 0 | 0 |
_aDS395.5 _b.S59 1990 |
| 082 | 0 | 0 |
_a954.9205 _220 _bSIS 1990 |
| 100 | 1 |
_aSisson, Richard, _d1936- |
|
| 245 | 1 | 0 |
_aWar and secession : _bPakistan, India, and the creation of Bangladesh / _cRichard Sisson and Leo E. Rose. |
| 260 |
_aBerkeley : _bUniversity of California Press, _cc1990. |
||
| 300 |
_axiii, 338 p. : _bmap ; _c24 cm. |
||
| 504 | _aIncludes bibliographical references (p. 327-331). | ||
| 650 | 0 | _aIndia-Pakistan Conflict, 1971. | |
| 651 | 0 |
_aBangladesh _xHistory _yRevolution, 1971. |
|
| 651 | 0 |
_aSouth Asia _xPolitics and government. |
|
| 700 | 1 | _aRose, Leo E. | |
| 942 |
_2ddc _cBK |
||